Statistiques concernant Pays considérés comme hostiles par la Russie

Cliquez ici pour prendre le quiz!

Statistiques générales

  • Ce quiz a été pris 125 fois
  • Le résultat moyen est 8 sur 23

Statistiques - réponses

Pays% Correct
Ukraine
86%
Canada
82%
États-Unis d'Amérique
79%
Japon
78%
Royaume Uni
72%
Finlande
71%
Corée du Sud
70%
Australie
54%
Norvège
46%
Géorgie
39%
Taiwan
35%
Nouvelle-Zélande
33%
Islande
20%
Suisse
17%
Albanie
16%
Singapour
9%
Andorre
7%
Monaco
7%
Macédoine du Nord
5%
Liechtenstein
4%
Micronésie
3%
Monténégro
3%
Saint-Marin
3%

Distribution des résultats

Percentile par nombre de réponses

% des personnes avec chaque résultat

Votre développement - résultats

Vous n’avez pas pris ce quiz